| Tag |
First Indicator |
Second Indicator |
Subfields |
| LEADER |
00000cam a2200000 a 4500 |
| 001 |
in00005657639 |
| 008 |
090701s2009 nyua 000 0 eng d |
| 005 |
20251007203139.7 |
| 019 |
|
|
|a 148831443
|a 1201959261
|
| 020 |
|
|
|a 9781419552694
|q (pbk.)
|
| 020 |
|
|
|a 1419552694
|q (pbk.)
|
| 035 |
|
|
|a (OCoLC)ocn420547197
|
| 035 |
|
|
|a (OCoLC)420547197
|z (OCoLC)148831443
|z (OCoLC)1201959261
|
| 037 |
|
|
|b Kaplan, C/O Simon & Schuster Order Dept 100 Front st, Riverside, NJ, USA, 08075
|n SAN 200-2442
|
| 040 |
|
|
|a OLN
|b eng
|c OLN
|d BRL
|d EDK
|d JAA
|d QBX
|d BTCTA
|d YDXCP
|d BDX
|d OCLCQ
|d SFR
|d OCLCF
|d GILDS
|d TXJAS
|d OCLCQ
|d OCLCO
|d DCHUA
|d IBD
|d CSA
|d OCLCO
|d OCLCQ
|d OCLCO
|d OCLCA
|d OCLCO
|d OCLCQ
|d OCL
|d OCLCO
|d OCLCL
|d OCLCQ
|d OCLCL
|d OCLCO
|d OCLCL
|
| 060 |
|
4 |
|a WU 90
|b T59 2009
|
| 100 |
1 |
|
|a Tomko, Paula.
|1 https://id.oclc.org/worldcat/entity/E39PCjx3XvX9fPCccfP4MchQC3
|
| 245 |
1 |
0 |
|a National dental hygienist licensure exam /
|c by Paula Tomko.
|
| 246 |
3 |
|
|a Kaplan national dental hygienist licensure exam
|
| 250 |
|
|
|a Third edition
|
| 260 |
|
|
|a New York, NY :
|b Kaplan Pub.,
|c ©2009.
|
| 300 |
|
|
|a xviii, 651 pages :
|b illustrations ;
|c 28 cm
|
| 336 |
|
|
|a text
|b txt
|2 rdacontent
|
| 337 |
|
|
|a unmediated
|b n
|2 rdamedia
|
| 338 |
|
|
|a volume
|b nc
|2 rdacarrier
|
| 500 |
|
|
|a At head of title on cover: Kaplan medical.
|
| 650 |
|
0 |
|a National Board Dental Hygiene Examination
|v Study guides.
|
| 650 |
|
0 |
|a Dental hygienists
|x Examinations
|v Study guides.
|
| 650 |
|
0 |
|a Dental hygiene.
|
| 650 |
|
0 |
|a Dental hygienists.
|
| 650 |
1 |
2 |
|a Oral Hygiene
|
| 650 |
2 |
2 |
|a Dental Hygienists
|
| 655 |
|
2 |
|a Examination Questions
|
| 710 |
2 |
|
|a Kaplan Publishing.
|1 https://id.oclc.org/worldcat/entity/E39QH7Jmp8MX3gBDkbJmfWmCp6
|
| 948 |
|
|
|h NO HOLDINGS IN TMV - 79 OTHER HOLDINGS
|
| 994 |
|
|
|a Z0
|b TMV
|
| 999 |
f |
f |
|s bb5e0c6f-95a0-4971-928b-2490f8053ead
|i 38cc7b62-2568-4c9d-b720-66ccd47103a9
|t 0
|
| 952 |
f |
f |
|p ric
|a Texas A&M University
|b Rellis Campus
|c Joint Library Facility
|s JLF
|d Remote Storage
|t 0
|e WU 90 T59 2009
|h National Library of Medicine classification
|i unmediated -- volume
|m 32061802325757
|
| 998 |
f |
f |
|a WU 90 T59 2009
|t 0
|l Remote Storage
|